| 000 | 00341cam a22001337a 4500 | ||
|---|---|---|---|
| 008 | 180718b2004 xxu||||| |||| 00| 0 eng d | ||
| 020 | _a8179911802 | ||
| 082 | _aO9 Y7 | ||
| 245 |
_aUniverse _cby Discovery Communications |
||
| 260 |
_aNew Delhi _bPopular _c2004 |
||
| 300 | _a124p. | ||
| 440 | _aYoung discoverer series | ||
| 650 | _aCosmogony | ||
| 999 |
_c404529 _d404529 |
||